000 00568cam a22001571 4500
082 _a909
_bBOV
100 1 _aBoveri, Margret,
_950552
245 1 0 _aMediterranean cross-currents,
_cby Margret Boveri, translated from the German by Louisa Marie Sieveking.
260 _aLondon,
_aNew York [etc.]
_bOxford university press,
_c1938.
300 _a451 p.
_bmaps (1 fold.)
_c23 cm.
500 _aTranslation of Das weltgeschehen am Mittelmeer.
526 _a0
_b0
_c0
_d909_000000000000000_BOV
650 _aMCE
_9379
700 1 _aSieveking, L. Marie
_950553
942 _2ddc
_cBK
999 _c553302
_d553302